Score 0/20 Timer 04:00
5 Plays Today
% Correct
J.K. Rowling
91.3%
Charlotte Brontë
88.4%
Charles Dickens
88.3%
J.D. Salinger
85.8%
Jules Verne
85.2%
Ian Fleming
82.4%
Leo Tolstoy
81.1%
Douglas Adams
77.9%
Alexandre Dumas
77.6%
Ernest Hemingway
77.6%
% Correct
John Milton
75.8%
Nathaniel Hawthorne
74.7%
Fyodor Dostoyevsky
74.2%
Mark Twain
68.2%
Gabriel García Márquez
66.4%
William Faulkner
62.4%
Samuel Beckett
59%
Salman Rushdie
55.3%
Michelle Magorian
44.1%
James Jones
39.7%
Remove Ads.
Support Sporcle.
Get the best of Sporcle when you Go Orange. This ad-free experience offers more features, more stats, and more fun while also helping to support Sporcle. Thank you for becoming a member.

You're not logged in!

Compare scores with friends on all Sporcle quizzes.
OR
Log In

Show Comments

Extras

Top Quizzes Today


Score Distribution

Your Account Isn't Verified!

In order to create a playlist on Sporcle, you need to verify the email address you used during registration. Go to your Sporcle Settings to finish the process.

Report this User

Report this user for behavior that violates our Community Guidelines.

Details: